Logo BPK

Bibliografia Prac Pracowników

Politechniki Koszalińskiej

Znaczenie dzierżawy użytków rolnych dla kierunku produkcji rolnej gospodarstw towarowych w Polsce / (Rekord nr 7974)

Szczegóły MARC
000 -ETYKIETA REKORDU
podpole kontrolne o stałej długości 01063naa a22002177i 4500
001 - NUMER KONTROLNY REKORDU
podpole kontrolne 7974
003 - IDENTYFIKATOR NUMERU KONTROLNEGO REKORDU
podpole kontrolne KOSZ 005
005 - DATA OSTATNIEJ MODYFIKACJI REKORDU
podpole kontrolne 20180430094523.0
008 - POLE O STAŁEJ DŁUGOŚCI - DANE KONTROLNE
podpole kontrolne o stałej długości 160308s2011 ||||| ||||0|| 0 pol
035 ## - NUMER SYSTEMOWY
Numer systemowy przejętego rekordu PBN-R:249013
040 ## - ŹRÓDŁO KATALOGOWANIA
Instytucja, która utworzyła rekord KOSZ 005/md
Instytucja, która sporządziła opis PBN-ID
Instytucja, która dokonała modyfikacji KOSZ 005
041 0# - KOD JĘZYKA
Kod języka tekstu pol
100 1# - NAZWA OSOBOWA
Nazwa osobowa STRZELECKA, Agnieszka.
Instytucja Politechnika Koszalińska - Wydział Nauk Ekonomicznych,
Wydział Katedra Finansów
Lata pracy 2006 - .
245 10 - TYTUŁ/ODPOWIEDZIALNOŚĆ
Tytuł Znaczenie dzierżawy użytków rolnych dla kierunku produkcji rolnej gospodarstw towarowych w Polsce /
Pozostałe elementy strefy tytułu i oznaczenia odpowiedzialności Agnieszka Strzelecka, Ewa Szafraniec-Siluta, Danuta Zawadzka.
650 #0 - HASŁO PRZEDMIOTOWE W FORMIE NAZWY OGÓLNEJ LUB JEDNOSTKOWEJ
Nazwa ogólna lub geograficzna Ekonomia.
650 #0 - HASŁO PRZEDMIOTOWE W FORMIE NAZWY OGÓLNEJ LUB JEDNOSTKOWEJ
Nazwa ogólna lub geograficzna Finanse.
700 1# - HASŁO DODATKOWE - NAZWA OSOBOWA
Nazwa osobowa SZAFRANIEC-SILUTA, Ewa.
Instytucja Politechnika Koszalińska - Wydział Nauk Ekonomicznych,
Wydział Katedra Finansów
Lata pracy 2009 - .
700 1# - HASŁO DODATKOWE - NAZWA OSOBOWA
Nazwa osobowa ZAWADZKA, Danuta.
Lata pracy 2012 - .
Instytucja Politechnika Koszalińska - Wydział Nauk Ekonomicznych,
Wydział Katedra Finansów
773 0# - TYTUŁ DOKUMENTU MACIERZYSTEGO
Wyrażenie wprowadzające W:
Tytuł Roczniki Naukowe Stowarzyszenia Ekonomistów Rolnictwa i Agrobiznesu. -
Informacje dotyczące relacji 2011, T. 13, nr 1, s. 374-378
ISSN 1508-3535
942 ## - HASŁO DODATKOWE - ELEMENTY(KOHA)
Typ dokumentu Artykuł
Schemat klasyfikacji Uniwersalna klasyfikacja dziesiętna

Brak dostępnych egzemplarzy.

© 2014 Biblioteka Politechniki Koszalińskiej :: BIBLIOGRAFIA PRAC PRACOWNIKÓW